[Event "San Jose de Balcarce Eiroa Cup 10th"]
[Site "San Jose de Balcarce"]
[Date "2017.12.21"]
[Round "5.1"]
[White "Bogado, Juan Honorio"]
[Black "Lotito, Gustavo"]
[Result "0-1"]
[WhiteElo "1779"]
[BlackElo "2009"]
[PlyCount "20"]
[EventDate "2017.11.30"]
[EventType "swiss"]
[EventRounds "5"]
[EventCountry "ARG"]
[SourceTitle "EXT 2024"]
[Source "ChessBase"]
[SourceDate "2023.10.10"]
[SourceVersion "1"]
[SourceVersionDate "2023.10.10"]
[SourceQuality "1"]

1. e4 e5 2. f4 d5 3. d3 dxe4 4. fxe5 Nc6 5. Bf4 Bc5 6. Nd2 Bxg1 7. Rxg1 Qd4 8. Rh1 exd3 9. Bg3 Bg4 10. Nf3 Qe3+ 0-1